Feudal real burdens - action required now (Record no. 72680)

MARC details
000 -LEADER
fixed length control field 01081cam a2200217 4500
001 - CONTROL NUMBER
control field ABS66738
008 - FIXED-LENGTH DATA ELEMENTS--GENERAL INFORMATION
fixed length control field 030516n2003 000 0 eng u
035 ## - SYSTEM CONTROL NUMBER
System control number (Sirsi) u122298
245 ## - TITLE STATEMENT
Title Feudal real burdens - action required now
260 ## - PUBLICATION, DISTRIBUTION, ETC.
Date of publication, distribution, etc. 2003
490 ## - SERIES STATEMENT
Series statement Landowning in Scotland
Volume/sequential designation (274) April/May 2003, 13(1)
520 ## - SUMMARY, ETC.
Summary, etc. Many members of the Scottish Landowners Federation are feudal superiors and enjoy benefits from rights and restrictions over land and buildings, known as feudal real burdens. However, legislation is now abolishing the feudal system and feudal superiors will need to act soon in order to secure the benefits from feudal real burdens in other forms. Summarises the main possibilities under two headings of re-allotment and conversion - personal burden and new tenement with sporting rights.
590 ## - LOCAL NOTE (RLIN)
Local note ABS
650 ## - SUBJECT ADDED ENTRY--TOPICAL TERM
Topical term or geographic name entry element SCOTLAND
650 ## - SUBJECT ADDED ENTRY--TOPICAL TERM
Topical term or geographic name entry element FEUDAL SYSTEM
650 ## - SUBJECT ADDED ENTRY--TOPICAL TERM
Topical term or geographic name entry element FEUDAL RIGHTS
650 ## - SUBJECT ADDED ENTRY--TOPICAL TERM
Topical term or geographic name entry element ABOLITION OF FEUDAL TENURE ETC (SCOTLAND) ACT 2000
650 ## - SUBJECT ADDED ENTRY--TOPICAL TERM
Topical term or geographic name entry element TITLE CONDITIONS (SCOTLAND) ACT 2003
690 ## - LOCAL SUBJECT ADDED ENTRY--TOPICAL TERM (OCLC, RLIN)
Topical term or geographic name as entry element PROPERTY
942 ## - ADDED ENTRY ELEMENTS (KOHA)
Suppress in OPAC 0
Holdings
Withdrawn status Lost status Source of classification or shelving scheme Damaged status Not for loan Home library Current library Shelving location Date acquired Total Checkouts Full call number Barcode Date last seen Copy number Price effective from Koha item type
    Dewey Decimal Classification     London London Journal article 16/05/2003   ABS66738 122298-1001 06/08/2019 1 06/08/2019 Journal article